000 00307nam a22001337a 4500
008 170904b xxu||||| |||| 00| 0 eng d
020 _a9781285119397
041 _aeng
080 _a070
100 _a40
101 _aMED
245 _aCOMPOSITION AND COMMUNICATION WORKBOOK
_cSELLNOW,D
942 _2udc
_cBK
999 _c26053
_d26053